| 000 | 01689cad a22002415a 4500 | ||
|---|---|---|---|
| 001 | L149331 | ||
| 008 | 090219e20100219xxkd f s f000 0 eng d | ||
| 035 | _a(Sirsi) u149331 | ||
| 041 | 0 | _aeng | |
| 110 | 1 |
_aUnited Kingdom _bDepartment for Communities and Local Government _94939 |
|
| 245 | 0 | 0 |
_aHouse building _bDecember Quarter 2009, England _h[electronic resource] |
| 260 | _c2010 | ||
| 490 | 0 |
_aDCLG Housing Statistical Release _vDecember Quarter 2009, 18 February 2010 |
|
| 505 | 2 | _aStarts and completions in England -- Tenure trends -- Regional trends -- House building targets -- Data collection -- Accompanying tables -- Background notes | |
| 520 | _aReports on house building starts and completions during the period of October to December 2009 in the England. Updates statistics published in November 2009. Accompanying tables are available alongside this document on the website. From October to December 2009, there were 21 880 seasonally adjusted house building starts in England. An estimate of 28 200 houses were completed in the last quarter of 2009, down by 3% compared to the previous quarter. Annual housing completions in England totalled 118 000 in the 12 months to December 2009, down by 17 per cent compared with the 12 months to December 2008. | ||
| 590 | _aKA NTK | ||
| 650 | 2 | 4 | _aDCLG QUARTERLY HOUSE BUILDING STATISTICS |
| 651 | 4 |
_aUnited Kingdom _y |
|
| 690 | _aPROPERTY-RESIDENTIAL PROPERTY-RESIDENTIAL PROPERTY DEVELOPMENT | ||
| 690 | _aBUILT ENVIRONMENT-CONSTRUCTION MARKET | ||
| 856 | 4 | 0 |
_uhttps://www.communities.gov.uk/publications/corporate/statistics/housebuildingq42009 _zView the item free of charge at www.communities.gov.uk... |
| 942 | _n0 | ||
| 999 |
_c110466 _d110466 |
||